Lionel Messi - Statistiques

Statistiques générales
  • Ce quiz a été pris 306 fois
  • Le résultat moyen est 14 sur 20
Statistiques - réponses
Question Réponse % Correct
En quelle année Messi a-t-il remporté la Coupe du Monde avec l’Argentine ? 2022
98%
Quel est le surnom de Lionel Messi ? La Pulga
98%
Quel est le club actuel de Lionel Messi ? Inter Miami
97%
Quel joueur est souvent considéré comme le rival de Messi ? Cristiano Ronaldo
95%
Quel numéro Messi porte-t-il à l’Inter Miami ? 10
91%
Combien de Ballons d'Or Messi a-t-il remportés au total ? 8
90%
Quel numéro Messi portait-il au début de sa carrière en équipe première au Barça ? 30
88%
En quelle année Lionel Messi a-t-il remporté son premier Ballon d'Or ? 2009
80%
Quel est le club dans lequel Messi a commencé sa carrière professionnelle ? FC Barcelone
80%
En quelle année Messi a-t-il quitté le FC Barcelone pour le PSG ? 2021
77%
Combien de buts Messi a-t-il marqués en finale de Coupe du Monde 2022 ? 2
71%
Contre quelle équipe Messi a-t-il marqué son premier triplé ? Real Madrid
67%
Quel entraîneur a lancé Messi en équipe première du Barça ? Frank Rijkaard
63%
Quelle est la première Coupe internationale que Messi a remportée avec l’Argentine senior ? Jeux Olympiques
56%
Combien de buts Messi a-t-il marqués en Coupe du Monde 2022 ? 7
41%
Contre quelle équipe Messi a-t-il marqué son 500e but avec le Barça ? Real Madrid
41%
Quel trophée Messi a-t-il remporté avec l’Inter Miami en 2023 ? Leagues Cup
39%
Dans quel stade Messi a-t-il marqué son premier but en Coupe du Monde ? Allianz Arena
37%
Combien de fois Messi a-t-il remporté la Liga avec le Barça ? 10
30%
Combien de buts Lionel Messi a-t-il marqués en matchs officiels avec le FC Barcelone ? 669
12%
Aucun quiz correspondant
Distribution des résultats
% des personnes avec chaque résultat
Percentile par nombre de réponses
Votre historique - résultats
Vous n’avez pas pris ce quiz